Comprehensive School Dictionary: (Record no. 199743)

MARC details
000 -LEADER
fixed length control field 00673nam a22001937a 4500
005 - DATE AND TIME OF LATEST TRANSACTION
control field 20231221103601.0
010 ## - LCCN (DPL NO)
LC control number ENG-138674
020 ## - INTERNATIONAL STANDARD BOOK NUMBER
International Standard Book Number 978935750359
Terms of availability 249.00
035 ## - SYSTEM CONTROL NUMBER
System control number EN-122206
037 ## - SOURCE OF ACQUISITION
Source of stock number/acquisition DBAD/PUB
082 ## - DEWEY DECIMAL CLASSIFICATION NUMBER
Classification number 485
Edition number 1
100 ## - MAIN ENTRY--PERSONAL NAME
Personal name Gupta, R.K
245 ## - TITLE STATEMENT
Title Comprehensive School Dictionary:
Remainder of title English To English/
Statement of responsibility, etc By R.K Gupta
250 ## - EDITION STATEMENT
Edition statement 1
260 ## - PUBLICATION, DISTRIBUTION, ETC. (IMPRINT)
Place of publication, distribution, etc New Delhi
Name of publisher, distributor, etc Laxmi Publications(P) Ltd.
270 ## - ADDRESS
Address 113, Golden House ,Gurudwara Road, Daryaganj
City New Delhi
Postal code 110002
Electronic mail address info@laxmipublications.com
Telephone number 91-11-43532500
-- 91-11-43532501
Fax number 91-11-23252572
-- 43532528
300 ## - PHYSICAL DESCRIPTION
Extent xvi,872p.
Dimensions 24cm(pbk)
942 ## - ADDED ENTRY ELEMENTS (KOHA)
Source of classification or shelving scheme Dewey Decimal Classification
Item type English Books
Classification part 485
Call number suffix GUP
Holdings
Withdrawn status Lost status Not for loan Collection code Home library Current library Date acquired Source of acquisition Cost, normal purchase price Full call number Barcode Copy number Cost, replacement price Koha item type
      Non-fiction Sarojini Nagar Sarojini Nagar 21/12/2023 DBAD/PUB 249.00 485 GUP EN-122206 1 249.00 English Books

© Delhi Public Library
Hit Counter
free hit counter